Desarrollo tecnológico e industrialización de América Latina /
sin resumen
Na minha lista:
| Autor principal: | |
|---|---|
| Formato: | Texto |
| Idioma: | Spanish |
| Tags: |
Adicionar Tag
Sem tags, seja o primeiro a adicionar uma tag!
|
MARC
| LEADER | 00000 a a2200000 04500 | ||
|---|---|---|---|
| 001 | 5075 | ||
| 003 | cru CIDCACS/IIS | ||
| 005 | 20201104164701.0 | ||
| 008 | 201104b ||||| |||| 00| 0 spa d | ||
| 999 | |c 38665 |d 38665 | ||
| 040 | |c CRAI/IIS | ||
| 100 | |a Ominami, Carlos | ||
| 245 | 1 | |a Desarrollo tecnológico e industrialización de América Latina / |c Carlos Ominami | |
| 246 | 3 | |a La transformación industrial y tecnológica de los países de la comunidad económica europea y su influencia sobre América Latina | |
| 520 | |a sin resumen | ||
| 773 | |g número 9; páginas 53-123 | ||
| 773 | 0 | |0 43348 |9 5004 |a Programa de las Naciones Unidas para el Desarrollo |d Santiago, Chile: PNUD; CEPAL |o MFN: 1413 |t Documento de Trabajo/ | |
| 942 | |2 ddc |c PP | ||
